NFL Conferences - Statistics

General Stats
  • This quiz has been taken 20 times
  • The average score is 31 of 32
Answer Stats
Tabelle Team % Correct
A Baltimore Ravens
100%
C Carolina Panthers
100%
A Chicago Bears
100%
A Cincinnati Bengals
100%
A Cleveland Browns
100%
C Jacksonville Jaguars
100%
D Los Angeles Chargers
100%
D Los Angeles Rams
100%
B Miami Dolphins
100%
B New England Patriots
100%
C New Orleans Saints
100%
B New York Jets
100%
B Philadelphia Eagles
100%
A Pittsburgh Steelers
100%
D Seattle Seahawks
100%
C Tampa Bay Buccaneers
100%
C Atlanta Falcons
95%
B Buffalo Bills
95%
B Dallas Cowboys
95%
D Denver Broncos
95%
A Detroit Lions
95%
A Green Bay Packers
95%
C Houston Texans
95%
D Las Vegas Raiders
95%
A Minnesota Vikings
95%
B New York Giants
95%
D San Francisco 49ers
95%
C Tennessee Titans
95%
B Washington Commanders
95%
D Arizona Cardinals
89%
C Indianapolis Colts
89%
D Kansas City Chiefs
89%
No matching quizzes found
Score Distribution
Percent of People with Each Score
Percentile by Number Answered
Your Score History
You have not taken this quiz